| 000 | 01065nam0a2200289 4500 | ||
|---|---|---|---|
| 001 | RU\NLR\bibl\1499740 | ||
| 005 | 20250616015612.0 | ||
| 010 |
_a978-5-88664-340-4 _91000 |
||
| 021 |
_aRU _b2010-16077 _91073 |
||
| 035 | _a(NLR Aleph) 001491204 | ||
| 090 |
_a1764375 _c1764375 |
||
| 100 | _a20100415d2009 |||y0rusy50 ca | ||
| 101 | 0 | _arus | |
| 102 | _aRU | ||
| 105 | _aac zzzz||||| | ||
| 200 | 1 |
_aСопряжение времен _iУсть-Балык _fВиктор Редикульцев |
|
| 210 |
_aЕкатеринбург _cСократ _d2009 |
||
| 215 |
_a266, [6] с. _cил., цв. ил., портр. _d22 |
||
| 320 | _aБиблиогр. в конце кн. | ||
| 607 |
_aУсть-Балыкское нефтяное месторождение _xИстория открытия _92601628 _3RU\NLR\auth\661538186 |
||
| 686 | _aД454.1-09(2Р53)г | ||
| 700 | 1 |
_aРедикульцев _bВ. Ф. _gВиктор Федорович _4070 |
|
| 801 | 0 |
_aRU _bNLR _c20100415 _gRCR |
|
| 801 | 1 |
_aRU _bNLR _c20100415 |
|
| 942 | _cBOOK | ||
| 980 | _aNB | ||